[Event "70th RUS-ch Women Higher League 2020"]
[Site "Sochi"]
[Date "2020.10.12"]
[Round "5.17"]
[White "Berezina, Mariya"]
[Black "Kochukova, Anna"]
[Result "0-1"]
[WhiteElo "1982"]
[BlackElo "2093"]
[Annotator "NA"]
[PlyCount "137"]
[EventDate "2020.10.08"]
[EventType "swiss"]
[EventCountry "RUS"]
[SourceTitle "playchess.com"]
[Source "ChessBase"]
[SourceQuality "1"]
[TimeControl "40/5400+30:1800+30"]

1. c4 {[%emt 0:00:00]} e5 {[%emt 0:00:00]} 2. Nc3 {[%emt 0:00:00]} Nf6 {[%emt 0:00:00]} 3. Nf3 {[%emt 0:00:00]} Nc6 {[%emt 0:00:00]} 4. e3 {[%emt 0:00:01]} Bb4 {[%emt 0:00:31]} 5. Qc2 {[%emt 0:00:06]} Bxc3 {[%emt 0:00:19]} 6. Qxc3 {[%emt 0:00:08]} Qe7 {[%emt 0:00:11]} 7. d4 {[%emt 0:01:07] is cutting edge theory. A28: English Opening: Four Knights Variation.} Ne4 {[%emt 0:00:39]} 8. Qd3 {[%emt 0:00:17]} exd4 {[%emt 0:00:14]} 9. Nxd4 {[%emt 0:00:13]} O-O {[%emt 0:00:59]} 10. Be2 {[%emt 0:00:39]} Qb4+ {[%emt 0:00:48]} 11. Kf1 {[%emt 0:00:41]} Qe7 {[%emt 0:01:03]} 12. f3 {[%emt 0:03:39]} f5 {[%emt 0:00:40]} 13. Qd1 {[%emt 0:18:49]} Nc5 {[%emt 0:01:02]} 14. Kf2 {[%emt 0:06:41]} d6 {[%emt 0:00:39]} 15. Re1 {[%emt 0:01:14]} Qh4+ {[%emt 0:01:44]} 16. Kg1 {[%emt 0:00:12]} Rf6 {[%emt 0:00:37] [#]} 17. Nxc6 $146 {[%emt 0:12:14]} ({Predecessor:} 17. g3 Rg6 18. Nxc6 Rxg3+ 19. hxg3 Qxg3+ 20. Kh1 Qh3+ 21. Kg1 Qg3+ 22. Kh1 Qh3+ 23. Kg1 {½-½ (23) Caruana,F (2827)-Ding,L (2804) Batumi 2018}) 17... bxc6 {[%emt 0:00:30]} 18. g3 {[%emt 0:00:16]} Rg6 $11 {[%emt 0:02:10]} 19. Bf1 {[%emt 0:00:42]} Be6 {[%emt 0:05:22]} 20. b3 {[%emt 0:00:52]} Re8 {[%emt 0:06:08]} 21. Bb2 {[%emt 0:05:20]} Qg5 {[%emt 0:03:48]} 22. Bg2 {[%emt 0:02:46]} Bd7 {[%emt 0:06:25]} 23. b4 {[%emt 0:06:38]} Nb7 {[%emt 0:01:33]} 24. f4 {[%emt 0:05:00]} Qe7 {[%emt 0:03:35]} 25. Qd2 {[%emt 0:12:43]} Nd8 {[%emt 0:05:48]} 26. Rad1 {[%emt 0:02:24]} Re6 {[%emt 0:07:06]} 27. Kf2 {[%emt 0:00:34]} Nf7 {[%emt 0:02:44]} 28. Qd4 {[%emt 0:02:02]} Nh6 {[%emt 0:00:50]} 29. h3 {[%emt 0:00:08]} a6 {[%emt 0:00:34]} 30. Rd3 {[%emt 0:05:31]} Rb8 {[%emt 0:16:14]} 31. Bc3 {[%emt 0:05:03]} Kf8 {[%emt 0:03:00]} 32. Qa7 {[%emt 0:01:07]} Qd8 {[%emt 0:00:19]} 33. Qd4 {[%emt 0:01:33]} Re7 {[%emt 0:01:07]} 34. Rd2 {[%emt 0:02:16]} Ng8 {[%emt 0:03:06]} 35. e4 {[%emt 0:00:54]} fxe4 {[%emt 0:02:30]} 36. Rxe4 {[%emt 0:00:06]} Nf6 {[%emt 0:00:22]} 37. Rxe7 {[%emt 0:00:29]} Qxe7 {[%emt 0:00:14]} 38. Re2 {[%emt 0:00:09]} Qf7 {[%emt 0:01:04]} 39. Qa7 {[%emt 0:03:26]} Re8 {[%emt 0:00:23]} 40. Rxe8+ {[%emt 0:00:00]} Bxe8 {[%emt 0:00:00]} 41. Qxa6 {[%emt 0:06:34]} Qg6 {[%emt 0:01:31]} 42. Bxf6 {[%emt 0:02:20]} Qxf6 {[%emt 0:00:44]} 43. Bxc6 {[%emt 0:04:37]} Qd4+ {[%emt 0:00:57]} 44. Kg2 {[%emt 0:02:24]} Qd2+ {[%emt 0:00:59]} 45. Kg1 {[%emt 0:00:40]} Qe1+ {[%emt 0:00:58]} 46. Kh2 {[%emt 0:00:30]} Qd2+ {[%emt 0:00:16]} 47. Bg2 {[%emt 0:01:36]} Qxb4 {[%emt 0:00:26]} 48. a3 {[%emt 0:00:34]} Qb3 {[%emt 0:01:19]} 49. Qc8 {[%emt 0:02:51]} Qxc4 {[%emt 0:03:19]} 50. Qf5+ {[%emt 0:00:06]} Bf7 {[%emt 0:01:15]} 51. Qxh7 {[%emt 0:00:20]} d5 {[%emt 0:01:57]} 52. Qf5 {[%emt 0:03:52]} d4 {[%emt 0:03:07]} 53. Be4 {[%emt 0:03:47]} g6 {[%emt 0:05:52]} 54. Qe5 {[%emt 0:03:03]} d3 {[%emt 0:00:20]} 55. Bf3 {[%emt 0:02:45]} Kg8 {[%emt 0:06:39]} 56. f5 {[%emt 0:02:01]} Qc2+ {[%emt 0:03:42]} 57. Kg1 {[%emt 0:00:44]} d2 {[%emt 0:01:02]} 58. fxg6 {[%emt 0:02:35]} d1=Q+ {[%emt 0:00:30]} 59. Bxd1 {[%emt 0:00:04]} Qxd1+ {[%emt 0:00:08]} 60. Kh2 {[%emt 0:00:08]} Qc2+ {[%emt 0:00:44]} 61. Kg1 {[%emt 0:00:09]} Bxg6 {[%emt 0:01:42]} 62. Qd5+ {[%emt 0:00:29]} Kh7 {[%emt 0:02:49]} 63. Qd7+ {[%emt 0:00:29]} Kh6 {[%emt 0:00:13]} 64. Qe6 {[%emt 0:00:28]} Qc5+ {[%emt 0:01:30]} 65. Kg2 {[%emt 0:00:10]} Qd4 {[%emt 0:01:45]} 66. Qa6 {[%emt 0:01:59]} c5 {[%emt 0:01:16]} 67. a4 {[%emt 0:01:19]} c4 {[%emt 0:00:12]} 68. a5 {[%emt 0:00:22]} c3 {[%emt 0:00:16]} 69. Kf3 0-1

[Event "70th RUS-ch Women Higher League 2020"]
[Site "Sochi"]
[Date "2020.10.12"]
[Round "5.18"]
[White "Komissarova, Soigina"]
[Black "Salakhova, Adelya"]
[Result "1-0"]
[WhiteElo "1780"]
[BlackElo "1885"]
[Annotator "NA"]
[PlyCount "147"]
[EventDate "2020.10.08"]
[EventType "swiss"]
[EventCountry "RUS"]
[SourceTitle "playchess.com"]
[Source "ChessBase"]
[SourceQuality "1"]
[TimeControl "40/5400+30:1800+30"]

1. c4 {[%emt 0:00:00]} e6 {[%emt 0:00:00]} 2. Nf3 {[%emt 0:00:01]} Nf6 {[%emt 0:00:13]} 3. Nc3 {[%emt 0:00:46]} d5 {[%emt 0:00:23]} 4. d4 {[%emt 0:00:38]} Be7 {[%emt 0:02:58]} 5. Bf4 {[%emt 0:01:02]} O-O {[%emt 0:00:15]} 6. e3 {[%emt 0:01:16]} b6 {[%emt 0:02:33]} 7. cxd5 {[%emt 0:02:53]} exd5 {[%emt 0:02:10]} 8. Bd3 {[%emt 0:00:50]} c5 {[%emt 0:01:35]} 9. h3 {[%emt 0:02:57]} Bb7 {[%emt 0:09:01]} 10. O-O {[%emt 0:01:53]} Nbd7 {[%emt 0:05:44]} 11. Ne5 {[%emt 0:03:35]} a6 {[%emt 0:03:58]} 12. a4 {[%emt 0:01:46]} Rc8 {[%emt 0:09:25]} 13. Bh2 $11 {[%emt 0:03:11]} (13. Qf3 $14) 13... Ne4 {[%emt 0:07:09]} 14. Rc1 {[%emt 0:10:14]} Nxc3 {[%emt 0:14:08]} 15. bxc3 {[%emt 0:00:36]} Nxe5 {[%emt 0:04:14]} 16. Bxe5 {[%emt 0:00:56]} Bf6 17. Bf4 c4 {[%emt 0:09:50]} 18. Bf5 {[%emt 0:05:05]} Ra8 {[%emt 0:01:43]} 19. f3 {[%emt 0:07:22]} Re8 {[%emt 0:05:07]} 20. Re1 {[%emt 0:01:15]} b5 {[%emt 0:03:01]} 21. Bc2 {[%emt 0:04:39]} Qa5 {[%emt 0:01:33]} 22. Re2 Bc6 23. e4 {[%emt 0:04:00]} g6 {[%emt 0:03:23]} 24. Qe1 {[%emt 0:03:00]} Bg7 {[%emt 0:02:53]} 25. Bd6 {[%emt 0:05:06]} Qd8 {[%emt 0:01:03]} 26. Qg3 {[%emt 0:02:42]} Qd7 {[%emt 0:02:36]} 27. Ree1 {[%emt 0:01:54]} Rad8 {[%emt 0:01:11]} 28. e5 {[%emt 0:01:09]} Qa7 {[%emt 0:03:01]} 29. Bc5 {[%emt 0:01:56]} Qc7 {[%emt 0:00:53]} 30. f4 {[%emt 0:00:39]} f5 {[%emt 0:01:19]} 31. Qf3 {[%emt 0:04:17]} Kh8 {[%emt 0:01:49]} 32. Kh1 {[%emt 0:03:03]} Bd7 {[%emt 0:00:25]} 33. Bd6 {[%emt 0:00:56]} Qc6 {[%emt 0:00:46]} 34. Rg1 {[%emt 0:03:45]} Bf8 {[%emt 0:00:22]} 35. Bxf8 Rxf8 36. Qg3 {[%emt 0:07:55]} Be6 {[%emt 0:00:39]} 37. Qg5 {[%emt 0:00:25]} Rd7 {[%emt 0:00:47]} 38. h4 {[%emt 0:01:33]} b4 {[%emt 0:00:26]} 39. Qh6 {[%emt 0:02:19]} Rdf7 {[%emt 0:01:00]} 40. h5 {[%emt 0:00:00]} gxh5 {[%emt 0:00:00]} 41. Bd1 {[%emt 0:03:24]} Rg7 {[%emt 0:11:44]} 42. cxb4 {[%emt 0:02:37]} Qb6 {[%emt 0:05:16]} 43. Rc3 {[%emt 0:02:44]} Qxb4 {[%emt 0:00:58]} 44. Rh3 {[%emt 0:01:10]} Qe7 {[%emt 0:01:40]} 45. Qxh5 {[%emt 0:04:43]} Qd7 {[%emt 0:03:41]} 46. Qf3 {[%emt 0:03:01]} Qa7 {[%emt 0:01:19]} 47. Rh6 {[%emt 0:03:52]} Rg6 {[%emt 0:01:01]} 48. Qh3 {[%emt 0:03:30]} Rfg8 {[%emt 0:01:58]} 49. Bf3 {[%emt 0:01:35]} Qg7 {[%emt 0:03:23]} 50. Rh5 {[%emt 0:00:55]} Rg3 {[%emt 0:00:30]} 51. Qh2 {[%emt 0:00:16]} Rb8 {[%emt 0:00:47]} 52. Rh3 {[%emt 0:04:10]} Rxh3 {[%emt 0:02:13]} 53. gxh3 {[%emt 0:00:38]} Qh6 {[%emt 0:01:05]} 54. h4 {[%emt 0:02:32]} Rb3 {[%emt 0:00:56]} 55. Qg3 {[%emt 0:01:00]} Rb7 {[%emt 0:00:44]} 56. h5 {[%emt 0:02:24]} Rb8 {[%emt 0:01:16]} 57. Qh4 {[%emt 0:01:28]} c3 {[%emt 0:01:03]} 58. Bd1 {[%emt 0:01:31]} Rc8 {[%emt 0:00:49]} 59. Rg2 {[%emt 0:01:36]} Qf8 {[%emt 0:00:45]} 60. h6 {[%emt 0:00:19]} Bd7 {[%emt 0:00:40]} 61. Bc2 {[%emt 0:10:17]} Rc6 {[%emt 0:00:07]} 62. Rh2 {[%emt 0:00:42]} Rg6 {[%emt 0:00:24]} 63. Qf2 {[%emt 0:00:51]} Rxh6 {[%emt 0:00:16]} 64. Qe2 {[%emt 0:00:22]} Rxh2+ {[%emt 0:00:04]} 65. Kxh2 {[%emt 0:00:33]} Qh6+ {[%emt 0:00:10]} 66. Kg3 {[%emt 0:00:03]} Qb6 {[%emt 0:00:55]} 67. Qd3 {[%emt 0:00:28]} Qb2 {[%emt 0:00:28]} 68. Kf3 {[%emt 0:01:07]} h5 {[%emt 0:01:16]} 69. Kg3 {[%emt 0:00:20]} Kg7 {[%emt 0:00:15]} 70. Kh4 {[%emt 0:00:06]} Qc1 {[%emt 0:00:10]} 71. Qg3+ {[%emt 0:00:23]} Kh7 {[%emt 0:00:14]} 72. Kxh5 {[%emt 0:01:08]} Be8+ {[%emt 0:00:37]} 73. Kg5 {[%emt 0:00:15]} Qxc2 {[%emt 0:00:14]} 74. Kf6 {[%emt 0:00:20]} 1-0

[Event "70th RUS-ch Women Higher League 2020"]
[Site "Sochi"]
[Date "2020.10.14"]
[Round "6.1"]
[White "Garifullina, Leya"]
[Black "Guseva, Marina"]
[Result "1/2-1/2"]
[WhiteElo "2335"]
[BlackElo "2377"]
[Annotator "RC"]
[PlyCount "49"]
[EventDate "2020.10.08"]
[EventType "swiss"]
[EventCountry "RUS"]
[SourceTitle "playchess.com"]
[Source "ChessBase"]
[SourceQuality "1"]
[TimeControl "40/5400+30:1800+30"]

1. e4 {[%emt 0:00:00]} c6 {[%emt 0:00:00]} 2. d4 {[%emt 0:00:00]} d5 {[%emt 0:00:00]} 3. e5 {[%emt 0:00:00]} Bf5 {[%emt 0:00:00]} 4. Nf3 {[%emt 0:00:10]} e6 {[%emt 0:00:00]} 5. Be2 {[%emt 0:00:09]} Nd7 {[%emt 0:00:00]} 6. O-O {[%emt 0:00:07]} Ne7 {[%emt 0:00:00]} 7. Nbd2 {[%emt 0:00:06]} Bg6 {[%emt 0:00:04]} 8. Nb3 {[%emt 0:00:07]} Nf5 {[%emt 0:00:27]} 9. Bd2 {[%emt 0:00:17]} Rc8 {[%emt 0:06:22]} 10. Rc1 {[%emt 0:00:34]} h6 {[%emt 0:00:49]} 11. Ba5 {[%emt 0:01:56]} b6 {[%emt 0:01:20]} 12. Bd2 {[%emt 0:00:07]} Be7 {[%emt 0:00:49]} 13. c4 {[%emt 0:00:47]} dxc4 {[%emt 0:07:18]} 14. Rxc4 {[%emt 0:02:56]} O-O {[%emt 0:00:11]} 15. Bf4 {[%emt 0:07:32]} c5 {[%emt 0:23:30]} 16. dxc5 {[%emt 0:09:11]} Bxc5 {[%emt 0:12:32]} 17. Qc1 {[%emt 0:05:52]} Qe7 {[%emt 0:11:07]} 18. Nbd4 {[%emt 0:06:22]} Nxd4 {[%emt 0:04:07]} 19. Nxd4 {[%emt 0:00:06]} b5 {[%emt 0:00:32]} 20. Nxb5 {[%emt 0:02:16]} Nb6 {[%emt 0:00:50]} 21. Nxa7 {[%emt 0:08:42]} Rc7 {[%emt 0:07:50]} 22. Nb5 {[%emt 0:03:42]} Rc6 {[%emt 0:00:56]} 23. Na7 {[%emt 0:08:56]} Rc7 {[%emt 0:00:11]} 24. Nb5 {[%emt 0:00:59]} Rc6 {[%emt 0:00:04]} 25. Na7 {[%emt 0:02:26]} 1/2-1/2

[Event "70th RUS-ch Women Higher League 2020"]
[Site "Sochi"]
[Date "2020.10.14"]
[Round "6.2"]
[White "Kovalevskaya, Ekaterina"]
[Black "Gunina, Valentina"]
[Result "0-1"]
[WhiteElo "2384"]
[BlackElo "2431"]
[Annotator "RC"]
[PlyCount "74"]
[EventDate "2020.10.08"]
[EventType "swiss"]
[EventCountry "RUS"]
[SourceTitle "playchess.com"]
[Source "ChessBase"]
[SourceQuality "1"]
[TimeControl "40/5400+30:1800+30"]

1. e4 {[%emt 0:00:00]} c6 {[%emt 0:00:00]} 2. d4 {[%emt 0:00:00]} d5 {[%emt 0:00:00]} 3. exd5 {[%emt 0:00:00]} cxd5 {[%emt 0:00:00]} 4. c4 {[%emt 0:00:02]} Nf6 {[%emt 0:00:39]} 5. Nc3 {[%emt 0:00:31]} Nc6 {[%emt 0:00:39]} 6. Nf3 {[%emt 0:03:43]} a6 {[%emt 0:00:07]} 7. Bg5 {[%emt 0:20:33]} Be6 {[%emt 0:03:38]} 8. Be2 {[%emt 0:07:31]} g6 {[%emt 0:17:32]} 9. Bxf6 {[%emt 0:25:13]} exf6 {[%emt 0:00:16]} 10. O-O {[%emt 0:04:28]} Bg7 {[%emt 0:00:29]} 11. Qb3 {[%emt 0:05:59]} dxc4 {[%emt 0:08:47]} 12. Qxb7 {[%emt 0:04:33]} Na5 {[%emt 0:01:26]} 13. Qb4 {[%emt 0:05:06]} Rb8 {[%emt 0:02:29]} 14. Qa3 {[%emt 0:00:55]} Bf8 {[%emt 0:01:48]} 15. Qa4+ {[%emt 0:02:49]} Bd7 {[%emt 0:00:05]} 16. Qc2 {[%emt 0:00:38]} Bh6 {[%emt 0:00:21]} 17. Nd2 {[%emt 0:08:19]} O-O {[%emt 0:05:10]} 18. Nxc4 {[%emt 0:02:46]} Bf5 {[%emt 0:00:43]} 19. Qa4 {[%emt 0:01:58]} Nxc4 {[%emt 0:00:07]} 20. Bxc4 {[%emt 0:00:21]} Rxb2 {[%emt 0:00:25]} 21. Bb3 {[%emt 0:02:36]} Qd6 {[%emt 0:04:04]} 22. Nd5 {[%emt 0:00:39]} Bd3 {[%emt 0:03:08]} 23. Rfd1 {[%emt 0:00:47]} Bd2 {[%emt 0:10:34]} 24. Qc6 {[%emt 0:01:45]} Rd8 {[%emt 0:06:54]} 25. Nxf6+ {[%emt 0:00:35]} Kh8 {[%emt 0:00:01]} 26. d5 {[%emt 0:00:40]} Qf4 {[%emt 0:00:43]} 27. g3 {[%emt 0:00:30]} Qd4 {[%emt 0:01:06]} 28. Ne8 {[%emt 0:00:32]} Bc3 {[%emt 0:01:27]} 29. Rf1 {[%emt 0:00:24]} Bb5 {[%emt 0:00:55]} 30. Qc7 {[%emt 0:00:08]} Rxe8 {[%emt 0:00:44]} 31. Qxf7 {[%emt 0:00:02]} Qg7 {[%emt 0:01:02]} 32. Qxg7+ {[%emt 0:00:19]} Kxg7 {[%emt 0:00:01]} 33. Rfd1 {[%emt 0:00:25]} Ree2 {[%emt 0:00:28]} 34. d6 {[%emt 0:01:17]} Rxf2 {[%emt 0:00:19]} 35. Bd5 {[%emt 0:00:02]} Bb4 {[%emt 0:02:02]} 36. a4 {[%emt 0:00:53]} Bc5 {[%emt 0:00:22]} 37. Rac1 {[%emt 0:00:50]} Rf1# {[%emt 0:00:29]} 0-1

[Event "70th RUS-ch Women Higher League 2020"]
[Site "Sochi"]
[Date "2020.10.14"]
[Round "6.3"]
[White "Getman, Tatyana"]
[Black "Kovanova, Baira"]
[Result "1/2-1/2"]
[WhiteElo "2271"]
[BlackElo "2324"]
[Annotator "TA"]
[PlyCount "49"]
[EventDate "2020.10.08"]
[EventType "swiss"]
[EventCountry "RUS"]
[SourceTitle "playchess.com"]
[Source "ChessBase"]
[SourceQuality "1"]

{[%evp 11,49,10,11,0,38,31,32,33,34,0,0,0,24,13,19,21,58,57,48,51,102,109,102,102,112,85,101,97,105,115,145,145,135,141,197,0,102,0,205,0]} 1. d4 e6 2. c4 b6 3. a3 Bb7 4. Nc3 f5 5. Nf3 Nf6 6. d5 Be7 7. g3 {A40: Unusual replies to 1 d4.} a5 8. Bg2 Na6 9. O-O {White is slightly better.} O-O 10. dxe6 dxe6 {[#]} 11. Qxd8 $146 ({Predecessor:} 11. Bf4 Bd6 12. Be5 Qe7 13. Qc2 Nc5 14. Rad1 Rfd8 15. Nb5 Ng4 16. Bxd6 cxd6 17. h3 {½-½ (31) Glaser,A (1970)-Lange,C (2090) Germany 2007}) 11... Rfxd8 12. Bf4 Bd6 13. Rad1 e5 14. Bg5 Rf8 15. Nb5 e4 {[#]} (15... Bxf3 $1 $14 16. Bxf3 (16. exf3 Bc5 $14) 16... e4) 16. Nfd4 $1 $16 ({Don't play} 16. Nxd6 exf3 17. exf3 cxd6 $15) 16... Be5 17. Nxf5 Bxb2 18. Ne7+ Kh8 19. Bf4 Rae8 {[#]} 20. Nd5 $1 Nxd5 21. cxd5 Be5 22. Be3 Bf6 (22... Nc5 $16 {keeps fighting.}) 23. Bf4 (23. d6 $18 c5 24. Bh3) 23... Be5 24. Be3 (24. Bxe5 $16 Rxe5 25. Nc3) 24... Bf6 $18 25. Bf4 $2 {Av CentiPawn Loss W=-13/B=-31. Weighted=-17/-28} (25. d6 $18) 1/2-1/2

[Event "70th RUS-ch Women Higher League 2020"]
[Site "Sochi"]
[Date "2020.10.14"]
[Round "6.4"]
[White "Grigorieva, Yulia"]
[Black "Goltseva, Ekaterina"]
[Result "0-1"]
[WhiteElo "2237"]
[BlackElo "2294"]
[Annotator "TA"]
[PlyCount "186"]
[EventDate "2020.10.08"]
[EventType "swiss"]
[EventCountry "RUS"]
[SourceTitle "playchess.com"]
[Source "ChessBase"]
[SourceQuality "1"]

{[%evp 20,186,26,26,26,25,20,26,21,29,28,28,19,18,25,26,25,-1,51,28,55,40,111,124,181,148,178,177,190,173,169,178,175,23,20,12,10,8,25,0,17,8,20,0,20,29,20,12,16,21,22,16,24,14,28,16,55,0,62,-9,52,0,16,21,207,151,294,0,0,0,0,0,0,0,0,0,0,0,0,0,0,0,0,0,0,0,8,8,328,351,351,343,365,42,334,287,29961,29962,29962,29963,5414,0,0,0,0,-50,-65,-4955,-4955,-4813,-4728,-4658,-4611,-3805,-3157,-2437,-2139,-1853,-1776,-1639,-1585,-1387,-1379,-714,-606,-558,-13,-593,-567,-559,-469,-29960,-29963,-29969,-29970,-29969,-29968,-29961,0,-29970,-29971,-29974,-29972,-29971,-29972,-29973,-29974,-29974,-29975,-29979,-29977,-29977,-29978,-29979,-29979,-29981,-29977,-29977,-29978,-29978,-29979,-29979,-29980,-29980,-29980,-29981,-29982,-29987,-29984]} 1. e4 e6 2. d4 d5 3. Nc3 Bb4 4. e5 c5 5. a3 Bxc3+ 6. bxc3 Ne7 7. Qg4 Qc7 8. Bd3 cxd4 9. Ne2 dxc3 10. Qxg7 Rg8 11. Qxh7 Qxe5 {C18: French: 3 Nc3 Bb4: Main line: 7 h4 and 7 Qg4.} 12. h4 Nd7 {Black wants to play ...Rh8.} 13. Bf4 Qf6 {White has an edge.} 14. Bg5 Qh8 15. Qxh8 Rxh8 16. Nxc3 a6 17. h5 f6 {[#]} 18. Be3 $146 ({Predecessor:} 18. Bd2 Nc5 19. g4 Kf7 20. f3 {½-½ (20) Kloster,J (2431)-Dorner,J (2453) ICCF email 2016}) 18... Ne5 (18... e5 $11) 19. Be2 $36 {[%mdl 2048] White is more active.} Bd7 20. f4 N5c6 (20... Nf7 $14) 21. O-O-O $16 Rc8 (21... f5 $16 {keeps fighting.}) 22. g4 $1 $18 f5 23. g5 $1 d4 24. Rxd4 $1 Nxd4 25. Bxd4 Rh7 26. h6 $2 (26. Rd1 $18) 26... Kf8 $1 $11 27. Bh5 (27. Rf1 {feels hotter.} Be8 28. Bd3 Ng6 29. Kd2 Rd7 30. Ne2) 27... Be8 $1 28. Bxe8 Kxe8 29. Ne2 Ng6 30. c3 Kf8 31. Kb2 Kg8 32. Rf1 Rd7 33. Ng3 b5 34. Nh5 Kf7 35. Nf6 Rdd8 36. Kb3 Rc4 37. Nh5 a5 38. Re1 ({Better is} 38. h7 $14) 38... Rc6 (38... Rcc8 $11) 39. Rf1 {[#]} (39. h7 $14) 39... Rc4 (39... b4 $1 $11 {[%mdl 512]} 40. Rf3 (40. axb4 axb4 41. Rf3 Nh4 $15) 40... bxc3 41. Bxc3 Rb8+ 42. Kc2 a4) 40. Nf6 ({White should play} 40. h7 $14) 40... Rc6 41. h7 b4 $2 (41... Rcc8 $11 {and Black is okay.}) 42. axb4 $18 axb4 (42... e5 $16 43. Bxe5 (43. fxe5 axb4 44. Rxf5 Ke6 $16) 43... Nxe5) 43. Kxb4 $2 (43. Ra1 $1 $18 {[%cal Ra1a7] And now Ra7+ would win.} e5 44. Ra7+ Ke6 45. Rg7) 43... Rb8+ $11 44. Ka5 {Hoping for Nd7.} Rcc8 {Threatens to win with ...Rb3.} 45. Nd7 Rb2 {( -> ...Ra8+)} 46. Nb6 Rc7 {[%cal Rc7a7]} 47. Na4 Rh2 $1 48. Kb6 Rc8 49. Kb7 Re8 50. h8=Q Nxh8 51. Nb6 Ng6 52. Nc4 Re7+ 53. Kc6 Rh4 $2 {[%mdl 8192] [#]} (53... Ra2 $11) 54. Ne5+ $1 $18 Nxe5+ 55. Bxe5 {[%mdl 4096] Endgame KRR-KRB} Rh2 56. Rd1 $2 (56. Ra1 $18) 56... Re8 $2 {[%mdl 8192]} (56... Ra7 $14) 57. Rd7+ Re7 $2 {[#]} (57... Kf8 $18 58. g6 Rc8+ 59. Kd6 Rd2+ 60. Bd4 Rg2 61. Rf7+ (61. Kxe6 Rc6+ 62. Kxf5 Rgxg6 $14) 61... Ke8) 58. g6+ $1 {[%mdl 512]} Ke8 (58... Kxg6 59. Rxe7) 59. g7 {[%cal Rg7g8]} Rg2 60. Rd2 $2 (60. Rxe7+ $18 Kxe7 61. c4) 60... Rexg7 $11 61. Rd6 Re7 62. Bf6 Rc2 63. Bxe7 $4 {[%mdl 8192] White is now going downhill.} (63. Bd4 $15) 63... Rxc3+ $19 64. Kb5 Kxe7 {KR-KR} 65. Rd4 Kf6 66. Kb4 Rc1 67. Rd2 Rc6 68. Kb5 Rc3 69. Kb4 Rc1 70. Rd3 Kg6 71. Rg3+ Kf7 72. Rd3 Ke7 $2 (72... Rf1 $19 73. Rd4 {[#]} e5 $1 {[%mdl 512]} 74. fxe5 Ke6) 73. Rc3 $2 {[%mdl 8192]} (73. Rd4 $1 $11 {and White stays safe.}) 73... Rf1 74. Rc4 Kf6 75. Kc5 (75. Rd4 $19 Rf3 76. Kc5) 75... e5 76. fxe5+ Kxe5 77. Rc2 Ke4 78. Rc4+ Ke5 79. Rc2 $1 Re1 {Black mates.} 80. Kc4 Ke4 81. Kc3 Ke3 82. Rh2 f4 83. Rh8 Rc1+ 84. Kb2 Rc5 85. Re8+ Kf2 86. Kb3 f3 87. Kb4 Rc1 88. Rf8 Ke2 89. Re8+ Kf1 90. Rh8 Rc7 91. Rf8 f2 92. Kb3 Rg7 93. Ra8 Kg1 {Av CentiPawn Loss W=-33/B=248. Weighted=-68/59} 0-1

[Event "70th RUS-ch Women Higher League 2020"]
[Site "Sochi"]
[Date "2020.10.14"]
[Round "6.5"]
[White "Schepetkova, Margarita"]
[Black "Bivol, Alina"]
[Result "1-0"]
[WhiteElo "2257"]
[BlackElo "2393"]
[Annotator "TA"]
[PlyCount "145"]
[EventDate "2020.10.08"]
[EventType "swiss"]
[EventCountry "RUS"]
[SourceTitle "playchess.com"]
[Source "ChessBase"]
[SourceQuality "1"]

{[%evp 17,145,9,14,12,16,18,37,36,35,20,39,19,23,38,53,60,64,20,36,31,17,17,18,0,13,0,0,-3,85,79,68,0,0,0,0,0,0,0,0,0,0,0,0,0,0,0,0,0,25,19,19,19,26,15,16,16,34,19,36,14,16,11,52,41,47,33,40,34,34,41,58,43,108,108,204,190,460,545,518,458,499,418,396,0,499,490,487,461,431,393,411,402,576,403,403,400,376,339,748,736,710,740,704,732,694,687,644,573,662,650,614,578,1077,1117,1076,1037,935,766,897,733,29981,29982,29985,29986,29983,29984,29984,29984,29978,104]} 1. d4 Nf6 2. c4 g6 3. g3 Bg7 4. Bg2 d5 5. cxd5 Nxd5 6. Nf3 O-O 7. O-O Nb6 8. Nc3 Nc6 {[%cal Bb8c6,Bc6a5,Ba5c4][%mdl 32]} 9. e3 Re8 10. Nh4 {D76: Fianchetto Grünfeld: Main Line with 7...Nb6.} e5 {[%cal Re5d4]} 11. d5 Na5 12. Rb1 {White is slightly better.} Nac4 13. e4 Bd7 14. a4 Nd6 15. b3 {[#]} f5 $146 ({Predecessor:} 15... a5 16. Re1 f5 17. exf5 gxf5 18. Ba3 Qg5 19. Rc1 Rac8 20. Bh3 e4 21. Bc5 Bf6 {1-0 (46) Gabuzyan,H (2532)-Chigaev,M (2508) Al Ain 2013}) 16. Nf3 Nxe4 17. Nxe4 fxe4 18. Ng5 Bf5 19. g4 e3 $1 {[%cal Re3f2]} 20. gxf5 Qxg5 21. Bxe3 Qxf5 22. Rc1 Re7 (22... e4 $1 $11 {keeps the balance.} 23. Rxc7 Nxd5 24. Rxb7 Rad8) 23. d6 $16 cxd6 24. Bxb6 (24. a5 $14 Nc8 25. Bd5+ Kh8 26. a6 $1 {[%mdl 512]}) 24... axb6 $11 25. Qxd6 Rae8 26. Qxb6 e4 27. Rc7 Be5 28. Rxe7 Rxe7 29. Qd8+ Kf7 30. Re1 Bf6 31. Qb6 Bh4 {White must now prevent ...e3!} 32. Qe3 Kg8 33. Re2 Bg5 34. Qd4 {[%cal Rg2e4]} Bf6 35. Qc4+ Kg7 36. Rxe4 Rd7 37. Qe2 Qg5 38. Re3 Qc5 39. Bf1 h5 40. Qb5 Qc7 41. Qc4 Qd8 42. Qe4 {Bd3 is the strong threat.} Bd4 43. Rg3 Qb6 44. Rf3 Qc5 {White stays focused until the end.} (44... Qd6 $14) 45. Bd3 $36 {[%mdl 2048] White has strong initiative.} Qb6 (45... Qc6 $16) 46. Qe8 $18 Bxf2+ $2 (46... Rc7 {keeps fighting.} 47. Kg2 Qd6 48. Bxg6 Qc6 49. Bxh5 Qxe8 50. Bxe8 b6) 47. Kg2 ({Weaker is} 47. Rxf2 Rxd3 48. Qe7+ Kh6 $11) 47... Qd6 48. Kxf2 Qxh2+ 49. Ke3 Qd6 {And now ...Re7+ would win.} 50. Kf2 Qh2+ 51. Kf1 Qh1+ 52. Ke2 Qg2+ 53. Ke1 Qh1+ {[#]} 54. Kd2 $1 Qh2+ (54... Qg2+ $142 55. Qe2 Qxe2+ 56. Kxe2 Rd6) 55. Qe2 Qd6 56. Qe4 Qh2+ 57. Kc3 Qg1 $2 (57... Rc7+ 58. Bc4 Qd6) 58. Qe5+ Kh6 59. Qh8+ Kg5 60. Qf6+ Kh6 61. Qf8+ Kh7 {intending ...Qc1+.} 62. Rf7+ Rxf7 63. Qxf7+ {[%mdl 64] Double Attack} Kh6 64. Qxb7 Qc1+ 65. Kb4 Qe1+ 66. Kb5 Qe5+ 67. Kc4 h4 {[#]} 68. Qe4 $1 {[%csl Gd3][%cal Re4g6]} Qg5 {[#]} 69. a5 $1 {[%cal Ba4a5,Ba5a6][%mdl 32] White mates.} h3 (69... Qxa5 70. Qxg6#) 70. a6 Qc1+ 71. Kb5 {[%csl Gd3][%cal Re4g6]} Qg5+ 72. Ka4 Qg1 {[#]} 73. Qxg6+ $1 {Av CentiPawn Loss W=-28/B=-50. Weighted=-40/-54} 1-0